书目信息 |
| 题名: |
哈佛谈判课
|
|
| 作者: | ;哈佛公开课研究会 编著 | |
| 分册: | ||
| 出版信息: | 北京 中国铁道出版社 2016 |
|
| 页数: | 226页 | |
| 开本: | 24cm | |
| 丛书名: | ||
| 单 册: | ||
| 中图分类: | C912.3-49 | |
| 科图分类: | ||
| 主题词: | 谈判学--tan pan xue--通俗读物 | |
| 电子资源: | ||
| ISBN: | 978-7-113-22102-7 | |
| 000 | 00987nam0 22002531 450 | |
| 001 | 0102093609 | |
| 005 | 20170402093609.0 | |
| 010 | @a978-7-113-22102-7@dCNY39.80 | |
| 100 | @a20160928d2016 em y0chiy50 ea | |
| 101 | 0 | @achi |
| 102 | @aCN@b110000 | |
| 105 | @ay z 000yy | |
| 106 | @ar | |
| 200 | 1 | @a哈佛谈判课@Aha fo tan pan ke@dHarvard negotiation@f哈佛公开课研究会编著@zeng |
| 210 | @a北京@c中国铁道出版社@d2016 | |
| 215 | @a226页@d24cm | |
| 300 | @a经典案例升级版 | |
| 330 | @a本书是一本更具可读性的商务社交用书,结合了哈佛商学院典型案例,在其美国化的课程中融合了符合中国现代商业发展的内容,讲解了国际领先的谈判理念及手法,相关的谈判策略与实战技巧,分析谈判心理和临场谋略,洞悉谈判桌上的各种伎俩及其辨识应对措施。 | |
| 510 | 1 | @aHarvard negotiation@zeng |
| 606 | 0 | @a谈判学@Atan pan xue@j通俗读物 |
| 690 | @aC912.3-49@v5 | |
| 711 | 02 | @a哈佛公开课研究会@Aha fo gong kai ke yan jiu hui@4编著 |
| 801 | 0 | @aCN@bTANGWEI@c20170308 |
| 905 | @b0964026-9@dC912.3-49@e977@f4 | |
| 哈佛谈判课=Harvard negotiation/哈佛公开课研究会编著.-北京:中国铁道出版社,2016 |
| 226页;24cm |
| 经典案例升级版 |
| ISBN 978-7-113-22102-7:CNY39.80 |
| 本书是一本更具可读性的商务社交用书,结合了哈佛商学院典型案例,在其美国化的课程中融合了符合中国现代商业发展的内容,讲解了国际领先的谈判理念及手法,相关的谈判策略与实战技巧,分析谈判心理和临场谋略,洞悉谈判桌上的各种伎俩及其辨识应对措施。 |
| ● |
| 相关链接 |
|
|
|
|
正题名:哈佛谈判课
索取号:C912.3-49/977
 
预约/预借
| 序号 | 登录号 | 条形码 | 馆藏地/架位号 | 状态 | 备注 |
| 1 | 0964026 | 209640263 | 第一样本阅览室/ [索取号:C912.3-49/977] | 在馆 | |
| 2 | 0964027 | 209640272 | 第一借阅区/ [索取号:C912.3-49/977] | 在馆 | |
| 3 | 0964028 | 209640281 | 第一借阅区/ [索取号:C912.3-49/977] | 在馆 | |
| 4 | 0964029 | 209640290 | 密集书库-海洋学院/ [索取号:C912.3-49/977] | 在馆 |